| 000 | 00679nam a2200205 4500 | ||
|---|---|---|---|
| 001 | 131780 | ||
| 003 | ES-MaACL | ||
| 005 | 20250806062944.0 | ||
| 007 | t| | ||
| 008 | 070214s1949 sp r ||||1| spa d | ||
| 080 | _a616-02:159.97 | ||
| 100 | 1 |
_aRof Carballo, Juan, _d1905-1994 _998915 |
|
| 245 | 1 | 0 |
_aPatología psicosomática / _cJuan Rof Carballo ; prólogo de Carlos Jiménez Díaz. |
| 260 |
_aMadrid : _bPaz Montalvo, _c1949. |
||
| 300 |
_aXXIV, 817 p., [1] h. de lám. : _bil. ; _c25 cm. |
||
| 650 | 7 |
_aMedicina psicosomática _2embne _914937 |
|
| 700 | 1 |
_aJiménez Díaz, Carlos, _d1898-1967 _966515 |
|
| 852 |
_aES-MaACL _jE-1601 |
||
| 999 |
_c131780 _d131780 |
||